00582cam a2200205 4500001000700000003000900007005001700016007000700033008003600040020001500076035000600091040002500097082002700122245010100149250000600250260003500256300002000291650003700311700002800348 04870DO-SdBNP20230316132046.0 04870080129s2007 mx | |||| 00 0 spa  a9681903625 a  aBPMSUbspacBPMSUe  a808.81bT639a 200722200aTodos los amores :bantología de poesía amorosa /cselección y prólogo de Camen Boullosa a  aMéxico : bAlfaguara, c2007 a158 p. ;c22 cm 4aPoesías amorosa vColecciones 1 aBoullosa, Carmend1954-